Personnage d'amour sucré - Statistiques

Statistiques générales
  • Ce quiz a été pris 253 fois
  • Le résultat moyen est 21 sur 27
Statistiques - réponses
Par images Réponse % Correct
Castiel
100%
Nathaniel
100%
Lysandre
98%
Armin
97%
Kentin
97%
Ambre
95%
Rosalya
95%
Violette
95%
Kim
91%
Alexy
90%
Iris
90%
Melody
89%
Capucine
86%
Dake
86%
Li
85%
Leigh
84%
Peggy
83%
Debrah
82%
Charlotte
76%
Nina
76%
Boris
59%
Agatha
58%
Mme Shermansky
58%
Laeti
53%
M Faraize
50%
Dajan
45%
Chinomimi
27%
Aucun quiz correspondant
Distribution des résultats
% des personnes avec chaque résultat
Percentile par nombre de réponses
Votre historique - résultats
Vous n’avez pas pris ce quiz